00441nam a2200193Ia 4500008004000000020001800040041000800058082001600066100001900082245004600101260002300147300001100170650000900181650001100190650001000201650001000211650001200221650001400233210210b2005 xxu||||| |||| 00| 0 eng d a9783540761808 aeng a515.63 MATV aMATTHEWS (P C) aVector calculus: with sixty three figures aUKbSpringerc2005 aix,182 awith aVector athree asixty afigures acalculus: